[Event "Mittelfranken Landesliga Sued 2223"]
[Site "Mittelfranken"]
[Date "2022.10.09"]
[Round "1.3"]
[White "Gschwendtner, Klaus"]
[Black "Bensch, Patrick"]
[Result "0-1"]
[WhiteElo "2108"]
[BlackElo "2119"]
[PlyCount "42"]
[EventDate "2022.10.09"]
[EventType "team-tourn"]
[EventRounds "9"]
[EventCountry "GER"]
[SourceTitle "EXT 2024"]
[Source "ChessBase"]
[SourceDate "2023.10.10"]
[SourceVersion "1"]
[SourceVersionDate "2023.10.10"]
[SourceQuality "1"]
[WhiteTeam "Starnberg"]
[BlackTeam "Rottal Inn"]
[WhiteTeamCountry "GER"]
[BlackTeamCountry "GER"]

1. e4 e5 2. Nf3 Nf6 3. Nxe5 d6 4. Nf3 Nxe4 5. Nc3 Nxc3 6. dxc3 Be7 7. Be3 0-0 8. Qd2 d5 9. 0-0-0 c6 10. Bd3 Bg4 11. h3 Bh5 12. g4 Bg6 13. h4 Nd7 14. Bxg6 fxg6 15. Nd4 Nc5 16. h5 Ne4 17. Qe2 c5 18. Ne6 Qa5 19. Kb1 Qb6 20. Qf1 Nxc3+ 21. Ka1 Nxd1 0-1

[Event "Bodenmais op"]
[Site "Bodenmais"]
[Date "2022.08.07"]
[Round "9"]
[White "Bensch, Patrick"]
[Black "Wacker, Felix"]
[Result "1-0"]
[WhiteElo "2147"]
[BlackElo "1998"]
[PlyCount "57"]
[EventDate "2022.07.30"]
[EventType "swiss"]
[EventRounds "9"]
[EventCountry "GER"]
[SourceTitle "CBM 209 Extra"]
[Source "ChessBase"]
[SourceDate "2022.09.30"]
[SourceVersion "1"]
[SourceVersionDate "2022.09.30"]
[SourceQuality "1"]

1. e4 c5 2. Nf3 d6 3. d4 cxd4 4. Nxd4 Nf6 5. Nc3 a6 6. h3 e6 7. g4 Be7 8. g5 Nfd7 9. Rg1 Qc7 10. Be3 b5 11. a3 Bb7 12. h4 Ne5 13. h5 Nbc6 14. f4 Nc4 15. Bxc4 bxc4 16. Nxc6 Qxc6 17. Qd4 f6 18. h6 e5 19. hxg7 Rg8 20. Qd1 Rxg7 21. Qh5+ Kd7 22. Qh3+ Kd8 23. 0-0-0 Qd7 24. Qh6 Rf7 25. Bb6+ Ke8 26. gxf6 Bxf6 27. Bc5 Bg7 28. Qh5 Bf8 29. Rg8 1-0

[Event "Arber op 8th"]
[Site "Bodenmais"]
[Date "2019.08.01"]
[Round "6"]
[White "Schleining, Zoya"]
[Black "Bensch, Patrick"]
[Result "1/2-1/2"]
[WhiteElo "2339"]
[BlackElo "2197"]
[PlyCount "152"]
[EventDate "2019.07.27"]
[EventType "swiss"]
[EventRounds "9"]
[EventCountry "GER"]
[SourceTitle "CBM 191 Extra"]
[Source "ChessBase"]
[SourceDate "2019.09.30"]
[SourceVersion "1"]
[SourceVersionDate "2019.09.30"]
[SourceQuality "1"]

1. Nf3 Nf6 2. g3 g6 3. b3 Bg7 4. Bb2 0-0 5. Bg2 d5 6. c4 c6 7. 0-0 a5 8. Nc3 Ne4 9. d4 Bf5 10. Nh4 Nxc3 11. Bxc3 Be6 12. c5 Nd7 13. Rc1 Nf6 14. Ba1 Bh6 15. e3 Qc8 16. Nf3 Bg4 17. Qe1 Bh3 18. Ne5 Ne4 19. f3 Ng5 20. Bxh3 Qxh3 21. Qe2 Bg7 22. Nd3 h5 23. a4 Ne6 24. Bc3 Bh6 25. Rc2 Ng7 26. Re1 Qe6 27. Nf4 Bxf4 28. gxf4 Qf5 29. Kh1 Ne6 30. Rg1 Kh7 31. Be1 Rg8 32. Bh4 f6 33. Bg3 Qh3 34. Qf1 Qxf1 35. Rxf1 Kg7 36. Rb1 Rgd8 37. Rcb2 Rd7 38. h4 Kf7 39. Kg2 Ng7 40. Bf2 Nf5 41. Kf1 Ra7 42. Ke2 e6 43. Kd3 Ra8 44. Be1 Re8 45. b4 e5 46. fxe5 fxe5 47. bxa5 exd4 48. e4 dxe4+ 49. fxe4 Ng7 50. Rxb7 Red8 51. a6 Ne6 52. Kc4 Kf6 53. a7 Rxb7 54. Rxb7 Ra8 55. Ba5 Ke5 56. Bb6 Kxe4 57. Rb8 d3 58. Kc3 Ke3 59. Rb7 Nf4 60. Re7+ Kf3 61. Kd2 g5 62. hxg5 h4 63. Rh7 Kg4 64. g6 Nxg6 65. Rg7 Kf5 66. Kxd3 h3 67. Rh7 Kg4 68. Ke2 Nf4+ 69. Kf2 Nd5 70. Kg1 Re8 71. Ba5 Nf4 72. Bc7 Nd5 73. Bb8 Nf4 74. a8Q Re1+ 75. Kh2 Re2+ 76. Kg1 Re1+ 1/2-1/2

[Event "Landesliga Sued 1819"]
[Site "Bayern"]
[Date "2019.03.24"]
[Round "8.3"]
[White "Grawe, Christian"]
[Black "Bensch, Patrick"]
[Result "1-0"]
[WhiteElo "2202"]
[BlackElo "2169"]
[PlyCount "79"]
[EventDate "2018.10.21"]
[EventType "team-tourn"]
[EventRounds "9"]
[EventCountry "GER"]
[SourceTitle "EXT 2022"]
[Source "ChessBase"]
[SourceDate "2021.10.06"]
[SourceVersion "1"]
[SourceVersionDate "2021.10.06"]
[SourceQuality "1"]
[WhiteTeam "Groebenzell"]
[BlackTeam "Rottal Inn"]
[WhiteTeamCountry "GER"]
[BlackTeamCountry "GER"]

1. e4 c5 2. Nf3 e6 3. d4 cxd4 4. Nxd4 Nc6 5. Nc3 Qc7 6. Qd3 a6 7. Nxc6 Qxc6 8. Qg3 Nf6 9. Bd3 Bb4 10. Qxg7 Bxc3+ 11. bxc3 Qxc3+ 12. Bd2 Qxa1+ 13. Ke2 Qe5 14. Qxh8+ Ke7 15. f4 Qh5+ 16. Ke1 b6 17. e5 Nd5 18. Qxh7 Qg4 19. g3 Bb7 20. Be2 Qg6 21. Qxg6 fxg6 22. Bf3 Rc8 23. Be4 Rc4 24. Bd3 Ra4 25. Rf1 Kf7 26. g4 Ne7 27. Be3 Nd5 28. Bc1 Rxa2 29. f5 gxf5 30. gxf5 exf5 31. Bxf5 Ke8 32. Bg6+ Kd8 33. h4 Nb4 34. Bg5+ Kc7 35. Kd2 Nc6 36. h5 Nd4 37. h6 Ra3 38. Be3 Nf3+ 39. Rxf3 Bxf3 40. h7 1-0

[Event "Arber op 7th"]
[Site "Bodenmais"]
[Date "2018.08.02"]
[Round "6"]
[White "Bensch, Patrick"]
[Black "Huber, Florian"]
[Result "1/2-1/2"]
[WhiteElo "2197"]
[BlackElo "2007"]
[PlyCount "65"]
[EventDate "2018.07.28"]
[EventType "swiss"]
[EventRounds "9"]
[EventCountry "GER"]
[SourceTitle "CBM 185 Extra"]
[Source "ChessBase"]
[SourceDate "2018.07.29"]
[SourceVersion "1"]
[SourceVersionDate "2018.07.29"]
[SourceQuality "1"]

1. e4 e5 2. Nf3 Nc6 3. Bb5 a6 4. Ba4 Nf6 5. 0-0 b5 6. Bb3 Be7 7. Re1 d6 8. c3 0-0 9. h3 Na5 10. Bc2 c5 11. d4 Nd7 12. Nbd2 exd4 13. cxd4 Nc6 14. d5 Nce5 15. Nxe5 Nxe5 16. f4 Ng6 17. Nf3 Bh4 18. Rf1 Bg3 19. f5 Ne5 20. Nxe5 Bxe5 21. Qh5 f6 22. Rb1 Bd7 23. Be3 b4 24. Bd3 Bb5 25. Qe2 Qd7 26. Rfc1 Rfc8 27. Bc4 Bxc4 28. Qxc4 Qb5 29. Kf2 Kf7 30. g4 Qxc4 31. Rxc4 a5 32. h4 h6 33. Kf3 1/2-1/2

[Event "Landesliga Sued 1718"]
[Site "Bayern"]
[Date "2017.11.12"]
[Round "2.3"]
[White "Schmid, Franz"]
[Black "Bensch, Patrick"]
[Result "1-0"]
[WhiteElo "2140"]
[BlackElo "2213"]
[PlyCount "89"]
[EventDate "2017.10.22"]
[EventType "team-tourn"]
[EventRounds "9"]
[EventCountry "GER"]
[SourceTitle "EXT 2022"]
[Source "ChessBase"]
[SourceDate "2021.10.06"]
[SourceVersion "1"]
[SourceVersionDate "2021.10.06"]
[SourceQuality "1"]
[WhiteTeam "Roehrnbach"]
[BlackTeam "Rottal Inn"]
[WhiteTeamCountry "GER"]
[BlackTeamCountry "GER"]

1. e4 c5 2. Nf3 Nc6 3. d4 cxd4 4. Nxd4 e6 5. Nc3 Qc7 6. g3 a6 7. Bg2 b5 8. a3 Bb7 9. Nxc6 dxc6 10. Bf4 e5 11. Be3 Nf6 12. 0-0 Rd8 13. Qe2 Be7 14. f4 exf4 15. gxf4 0-0 16. e5 Nd5 17. Nxd5 cxd5 18. c3 Bc5 19. Rad1 Qb6 20. Bxc5 Qxc5+ 21. Rd4 Rfe8 22. Qg4 Qb6 23. Rfd1 Bc8 24. Qg3 Bf5 25. Qf2 Qg6 26. Rxd5 Rxd5 27. Rxd5 Be4 28. Rd6 f6 29. Rxa6 Bxg2 30. Qxg2 Qb1+ 31. Qf1 Qxb2 32. Qe1 fxe5 33. fxe5 Qc2 34. e6 Qg6+ 35. Qg3 Qb1+ 36. Kg2 Rf8 37. Qe3 Qc2+ 38. Kh3 Qf5+ 39. Kg3 h5 40. h3 g5 41. Rd6 h4+ 42. Kh2 g4 43. hxg4 Qxg4 44. Rd4 Qf5 45. Qg1+ 1-0